000 00888nas a2200289 4500
001 BR0800657
003 BR-BrBNA
005 20231205111524.0
007 ta
008 230509b bl.|||p| |||| 00| 00por d
040 _aBR-BrBNA
_bpor
_cBiblioteca Nacional de Agricultura
041 _a(Pt)
072 _aH10; F30
100 1 _aCarneiro, R.G.
100 1 _aMoritz, M.P.
100 1 _aMônaco, A.P. do A.
100 1 _aLima, A.C.C. de
100 1 _aSantiago, D.C.
245 1 _aReação de cultivares de mandioca às raças 1 e 3 de Meloidogyne incognita, M. paranaensis e M. javanica
650 _aNEMATÓIDE
650 _aMELOIDOGINOSE
650 _aMANDIOCA
650 _aVARIEDADE RESISTENTE
773 0 _tNematologia Brasileira (Brazil)
_xISSN 0102-2997
_g(2006), v. 30(3) p. 275-279
_wBR0800657
909 _a202311
_bLúcia
_c55
_dLúcia Elande
942 _2AGRIS
_n0
_cANA
999 _c193161
_d193161